In the Public Interest The Future of Canadian Copyright Law /

Detalles Bibliográficos
Autor principal: Geist, Michael
Formato: eBook
Lenguaje:inglés
Publicado: Toronto: Irwin Law Inc., 2005
Materias:
Acceso en línea:Acceso restringido

MARC

LEADER 00000nam a22000007a 4500
005 20210908221255.0
007 cr|||| ||||
008 210908s2005 ca |||||s|||| 00||0 eng d
020 |a 9781552211472 
035 |a 35374 
040 |a vLex 
090 |c 12338  |d 12338 
100 1 |a Geist, Michael 
245 1 0 |a In the Public Interest  |h [Recurso electrn̤ico] :  |b The Future of Canadian Copyright Law /  |c Michael Geist 
256 |a Servicio en ln̕ea 
260 |a Toronto:  |b Irwin Law Inc.,  |c 2005 
300 |a 1 recurso electrn̤ico 
506 1 |a Disponible solo en los productos indicados  |d vLex Global  |d vLex Global (Academic Edition, excluding Law Schools)  |d vLex Global (U.S. Academic Edition, Law Schools)  |d vLex Global (U.S. Academic Edition, excluding Law Schools)  |d vLex Global (Academic Edition, Law Schools) 
650 0 4 |a Propiedad Intelectual  |z Canad̀ 
740 0 |a vLex Libros (Servicio en ln̕ea) 
856 4 0 |u https://app.vlex.com/#/sources/35374  |z Acceso restringido 
942 |c BOOK 
999 0 |a Intellectual property